Freedom to Broadcast Hate (Record no. 333531)
[ view plain ]
| 000 -LEADER | |
|---|---|
| fixed length control field | 00506nam a2200097Ia 4500 |
| 008 - FIXED-LENGTH DATA ELEMENTS--GENERAL INFORMATION | |
| fixed length control field | 170517s9999 xx 000 0 und d |
| 245 ## - TITLE STATEMENT | |
| Title | Freedom to Broadcast Hate |
| 300 ## - PHYSICAL DESCRIPTION | |
| Extent | Sectarian violence is ripping the Mid-East apart. The two sects of Islam, Sunni and Shia, are fighting against each other in Syria and Iraq. Tensions are rising across the region, but what's provoking this wave of violence? This documentary... |
| 650 ## - SUBJECT ADDED ENTRY--TOPICAL TERM | |
| General subdivision | Media. |
| 856 ## - ELECTRONIC LOCATION AND ACCESS | |
| Uniform Resource Identifier | <a href="http://topdocumentaryfilms.com/freedom-broadcast-hate/">http://topdocumentaryfilms.com/freedom-broadcast-hate/</a> |
| Withdrawn status | Lost status | Damaged status | Home library | Current library | Date acquired | Total Checkouts | Date last seen | Price effective from | Koha item type |
|---|---|---|---|---|---|---|---|---|---|
| College Library | College Library | 05/17/2017 | 05/17/2017 | 05/17/2017 | Documentary Films |